[Event "Muscat-ch op"]
[Site "Muscat"]
[Date "2024.12.26"]
[Round "1"]
[White "Al Hadidi, Mahmood"]
[Black "Atharv, Bansal"]
[Result "0-1"]
[WhiteElo "1462"]
[BlackElo "1896"]
[PlyCount "56"]
[EventDate "2024.12.26"]
[EventType "swiss"]
[EventRounds "9"]
[EventCountry "OMN"]
[SourceTitle "CB01_2025"]
[SourceDate "2025.01.01"]
[SourceVersion "1"]
[SourceVersionDate "2025.01.01"]
[SourceQuality "1"]

1. d4 d5 2. Nf3 Nf6 3. Nc3 e6 4. a3 Be7 5. Bf4 0-0 6. e3 a6 7. Bd3 Nbd7 8. 0-0 c5 9. b3 b6 10. Re1 Bb7 11. h3 Rc8 12. Qd2 Ne4 13. Bxe4 dxe4 14. Nh2 Nf6 15. f3 exf3 16. Nxf3 Bxf3 17. gxf3 cxd4 18. exd4 Nd5 19. Nxd5 Qxd5 20. Kf2 Rfd8 21. Red1 Qf5 22. Qd3 Bh4+ 23. Ke2 Qxf4 24. Kf1 Qg3 25. Rd2 Qxh3+ 26. Ke2 Qg2+ 27. Ke3 Qg3 28. Ke2 Qf2+ 0-1